La vie quotidienne à Rome: A l'Apogée de l'Empire
Đã lưu trong:
| Príomhúdar: | |
|---|---|
| Formáid: | Leabhar |
| Teanga: | Undetermined |
| Foilsithe: |
Paris
Hachette
1989
|
| Ábhair: | |
| Clibeanna: |
Cuir Clib Leis
Gan Chlibeanna, Bí ar an gcéad duine leis an taifead seo a chlibeáil!
|
| Thư viện lưu trữ: | Trung tâm Học liệu Trường Đại học Cần Thơ |
|---|
| LEADER | 00505nam a2200181Ia 4500 | ||
|---|---|---|---|
| 001 | CTU_10280 | ||
| 008 | 210402s9999 xx 000 0 und d | ||
| 082 | |a 914.09 | ||
| 082 | |b C299 | ||
| 100 | |a Jerome Carpolino | ||
| 245 | 0 | |a La vie quotidienne à Rome: A l'Apogée de l'Empire | |
| 245 | 0 | |c Jerome Carpolino | |
| 260 | |a Paris | ||
| 260 | |b Hachette | ||
| 260 | |c 1989 | ||
| 650 | |a rome - historical geography | ||
| 904 | |i Minh, 961007 | ||
| 980 | |a Trung tâm Học liệu Trường Đại học Cần Thơ | ||